Marketing Deportivo. En 13 historias.

Gardado en:
Detalles Bibliográficos
Autor Principal: Blázquez Manzano, Alberto (coordinador)
Formato: Unknown
Idioma:inglés
Publicado: Barcelona, España: INDE Publicaciones, 2012
Subjects:
Tags: Engadir etiqueta
Sen Etiquetas, Sexa o primeiro en etiquetar este rexistro!

MARC

LEADER 00000 a2200000 4500
003 CL-VaPUC
005 20220407091207.0
008 220321b2012 ||||| |||| 00| 0 eng d
999 |c 434340  |d 434338 
020 |a 978-8497293020 
040 |c Pontificia Universidad Católica de Valparaíso 
082 7 |a 796.069 BLA 2012  |2 22 
100 |a Blázquez Manzano, Alberto   |9 865254  |e coordinador 
245 1 0 |a Marketing Deportivo.   |b En 13 historias. 
260 |a Barcelona, España:  |b INDE Publicaciones,   |c 2012 
300 |a 238 páginas  
583 |k Cristina María Rojas Aguilar  |c 20220321 
650 0 |a Deportes  |x Marketing   |9 224367 
942 |2 ddc  |c BK 
952 |0 0  |1 0  |2 ddc  |4 0  |6 796_069000000000000_BLA_2012  |7 0  |8 A  |9 582015  |a BIBEDU  |b BIBEDU  |c GEN  |d 2022-03-21  |e 74  |g 28646.00  |i 5650197  |o 796.069 BLA 2012  |p 5650197  |r 2022-03-21  |t 1  |v 28646.00  |w 2022-03-21  |y BK  |k EFI 
952 |0 0  |1 0  |2 ddc  |4 0  |6 796_069000000000000_BLA_2012  |7 0  |8 A  |9 582016  |a BIBEDU  |b BIBEDU  |c GEN  |d 2022-03-21  |e 74  |g 28646.00  |i 5650198  |o 796.069 BLA 2012  |p 5650198  |r 2022-03-21  |t 2  |v 28646.00  |w 2022-03-21  |y BK  |k EFI